Normal view
MARC view
Entry Personal Name
001 - CONTROL NUMBER
- control field: 15987
003 - CONTROL NUMBER IDENTIFIER
- control field: OSt
005 - DATE AND TIME OF LATEST TRANSACTION
- control field: 20220331163534.0
008 - FIXED-LENGTH DATA ELEMENTS
- fixed length control field: 220331|| aca||aabn | a|a d
040 ## - CATALOGING SOURCE
- Original cataloging agency: OSt
- Transcribing agency: OSt
100 ## - HEADING--PERSONAL NAME
- Personal name: Handa S.S; Kapoor V.K
670 ## - SOURCE DATA FOUND
- Source citation: Work cat.: (OSt): Handa S.S; Kapoor V.K, Textbook of Pharmocognosy., 2003.
